| 000 | 01034cam a22002894a 4500 | ||
|---|---|---|---|
| 001 | 14252759 | ||
| 003 | ARRUPE | ||
| 005 | 20140508020007.0 | ||
| 008 | 060203s2006 nyu 000 0 eng | ||
| 010 | _a 2006003938 | ||
| 020 | _a0824523881 (alk. paper) | ||
| 040 |
_aDLC _cDLC _dDLC |
||
| 042 | _apcc | ||
| 050 | 0 | 0 |
_aBV5091.C7 _bR635 2006 |
| 082 | 0 | 0 |
_a242 _222 |
| 100 | 1 |
_aRohr, Richard. _97212 |
|
| 245 | 1 | 0 |
_aContemplation in action / _cRichard Rohr and friends. |
| 260 |
_aNew York : _bCrossroad Pub., _cc2006. |
||
| 300 |
_a157 p. ; _c21 cm. |
||
| 505 | 0 | _aTo act justly -- To love tenderly -- To walk humbly with your God. | |
| 650 | 0 |
_aContemplation. _97213 |
|
| 650 | 0 |
_aChristian life. _97214 |
|
| 856 | 4 | 1 |
_3Table of contents only _uhttp://www.loc.gov/catdir/toc/ecip068/2006003938.html |
| 906 |
_a7 _bcbc _corignew _d1 _eecip _f20 _gy-gencatlg |
||
| 942 |
_2lcc _cMONOGRAPH _03 |
||
| 999 |
_c119745 _d119745 |
||